00555nam a2200229Ia 4500008004100000020002200041050001500063050001400078100001900092245001600111245002500127245002100152260001300173260002700186260000900213300001600222300002000238300001100258650002000269650001300289650002300302161112s9999 xx 000 0 und d a978-971-27-2150-2 aFIL TX 651 b.T39 2008 aTayag, Claude. 0aFood tour : 2ba culinary journal / 0cby Claude Tayag. aManila : bAnvil Publishing Inc., c2008 a259 pages : billustrations ; c25 cm. aCookery, Asian. aCookery. xCookery, Filipino.